00549nam a2200145 a 450000100100000000500170001000800410002702000150006804000250008310000220010824501710013026000460030130000280034770000280037500003827520201002031220.0130408s2003 ck 000 0 spa d a9580471207 aDO-SdBNPbspacBNPHU1 aBohan, William F.13aEl poder oculto de la productividad :bcómo mejorar la productividad en un 30% sin tener que despedir a nadie! /cWilliam F. Bohan ; traducción Ángela García. aBogotá, Colombia :bGrupo Norma,c2003. a213 p. :bil. ;c22 cm.1 aGarcía, Ángelaetr.